Science Quiz

Random Science or Geology Quiz
Score 0/12 Timer 04:00
0 Plays Today
Question Answer Wrong Answers
Richter Scale Earthquakes
88.6%
Volcanic Eruptions
2.9%
Tsunamis
0%
Tornados
0%
INES scale Nuclear Disasters
65.7%
Earthquakes
11.4%
Asteroid Impacts
8.6%
Hurricanes
5.7%
Beaufort scale Winds
65.7%
Avalanches
8.6%
Thunderstorms
11.4%
Blizzards
5.7%
WUI hazard scale Wildfires
60%
Tornados
2.9%
Hurricanes
5.7%
Asteroid Impacts
20%
VEI scale Volcanic Eruptions
60%
Heat Waves
28.6%
Floods
2.9%
Droughts
2.9%
Fujita scale Tornados
51.4%
Tsunamis
28.6%
Asteroid Impacts
2.9%
Wildfires
5.7%
Cartographic Scale Floods
48.6%
Tsunamis
2.9%
Wildfires
17.1%
Earthquakes
20%
Saffir–Simpson scale Hurricanes
45.7%
Avalanches
11.4%
Floods
17.1%
Volcanic Eruptions
14.3%
Palmer indexes Droughts
45.7%
Floods
11.4%
Wildfires
28.6%
Winds
0%
NESIS scale Blizzards
42.9%
Tornados
5.7%
Droughts
34.3%
Floods
5.7%
Papadopoulos-Imamura scale Tsunamis
34.3%
Volcanic Eruptions
37.1%
Droughts
14.3%
Avalanches
14.3%
Torino Scale Asteroid Impacts
25.7%
Avalanches
31.4%
Floods
14.3%
Heat Waves
20%

You're not logged in!

Compare scores with friends on all Sporcle quizzes.
OR
Log In

Sporcle TV

Today on Sporcle TV


Watch our educational content, quiz creation guides, and fun videos on Sporcle TV.

Show Comments

Extras

Top Quizzes Today


Score Distribution

Paid Content

Your Account Isn't Verified!

In order to create a playlist on Sporcle, you need to verify the email address you used during registration. Go to your Sporcle Settings to finish the process.

Report this User

Report this user for behavior that violates our Community Guidelines.

Details: